Normal view MARC view

Entry Personal Name

Number of records used in: 1

001 - CONTROL NUMBER

  • control field: 7281

003 - CONTROL NUMBER IDENTIFIER

  • control field: OSt

005 - DATE AND TIME OF LATEST TRANSACTION

  • control field: 20160310145422.0

008 - FIXED-LENGTH DATA ELEMENTS

  • fixed length control field: 160310|| aca||aabn | a|a d

040 ## - CATALOGING SOURCE

  • Original cataloging agency: OSt
  • Transcribing agency: OSt

100 ## - HEADING--PERSONAL NAME

  • Personal name: Belay, Kesete.

670 ## - SOURCE DATA FOUND

  • Source citation: Work cat.: (OSt)3237: Belay, Kesete., Human rights and refugees in Africa :, 1993.